Real variable methods in Fourier analysis /
Guardado en:
| Autor Principal: | |
|---|---|
| Formato: | Libro |
| Idioma: | English |
| Publicado: |
Amsterdam ; New York : New York :
North-Holland ; sole distributors for the U.S.A. and Canada, Elsevier North-Holland,
1981.
|
| Series: | North-Holland mathematics studies ;
46 Notas de matemática (Rio de Janeiro, Brasil) ; no. 75. |
| Materias: | |
| Etiquetas: |
Agregar Etiqueta
Sin Etiquetas, Sea el primero en etiquetar este registro!
|
| LEADER | 01016cam a2200277 a 4500 | ||
|---|---|---|---|
| 001 | MAT.inmabb006220 | ||
| 008 | 800910s1981####ne#######b####001#0#eng## | ||
| 005 | 20130320111511.0 | ||
| 245 | 1 | 0 | |a Real variable methods in Fourier analysis / |c Miguel de Guzmán. |
| 260 | |a Amsterdam ; |a New York : |b North-Holland ; |a New York : |b sole distributors for the U.S.A. and Canada, Elsevier North-Holland, |c 1981. | ||
| 300 | |a xiii, 392 p. ; |c 24 cm. | ||
| 440 | 0 | |a North-Holland mathematics studies ; |v 46 | |
| 490 | 1 | |a Notas de matemática ; |v 75 | |
| 504 | |a Bibliografía: p. 379-387. | ||
| 500 | |a Incluye índice. | ||
| 510 | 4 | |a MR, |c 83j:42019 | |
| 020 | |a 0444861246 | ||
| 100 | 1 | |a Guzmán, Miguel de, |d 1936-2004. | |
| 830 | 0 | |a Notas de matemática (Rio de Janeiro, Brasil) ; |v no. 75. | |
| 650 | 0 | |a Fourier analysis. | |
| 650 | 0 | |a Functions of real variables. | |
| 650 | 0 | |a Operator theory. | |
| 084 | |a 42B25 (42B20) |2 msc2000 | ||
| 010 | |a 80022545 | ||
| 040 | |a DLC |c DLC |d DLC | ||
| 859 | |h 42 |i G993 |p A-5990 |b BIB. MATEMATICA | ||
